ARRUPE JESUIT UNIVERSITY

CORONAVIRUS -STOP THE SPREAD - CLEAN,DISINFECT,COVER

Putting people first : (Record no. 129987)

MARC details
000 -LEADER
fixed length control field 01455cam a2200349 a 4500
001 - CONTROL NUMBER
control field 12400955
003 - CONTROL NUMBER IDENTIFIER
control field ARRUPE
005 - DATE AND TIME OF LATEST TRANSACTION
control field 20191112114512.0
008 - FIXED-LENGTH DATA ELEMENTS--GENERAL INFORMATION
fixed length control field 010507s2000 sa b 000 0 eng d
010 ## - LIBRARY OF CONGRESS CONTROL NUMBER
LC control number 2001385024
020 ## - INTERNATIONAL STANDARD BOOK NUMBER
International Standard Book Number 1919810145
035 ## - SYSTEM CONTROL NUMBER
System control number (OCoLC)ocm48577715
040 ## - CATALOGING SOURCE
Original cataloging agency GZM
Transcribing agency GZM
Modifying agency DLC
042 ## - AUTHENTICATION CODE
Authentication code lccopycat
050 00 - LIBRARY OF CONGRESS CALL NUMBER
Classification number JQ1875.A55
Item number P647 2000
082 00 - DEWEY DECIMAL CLASSIFICATION NUMBER
Classification number 320.6/096
Edition number 22
300 ## - PHYSICAL DESCRIPTION
Dimensions 21 cm.
245 00 - TITLE STATEMENT
Title Putting people first :
Remainder of title African priorities for the UN Millennium Assembly /
Statement of responsibility, etc edited by Pandelani Mathoma, Greg Mills, and John Stremlau.
260 ## - PUBLICATION, DISTRIBUTION, ETC. (IMPRINT)
Place of publication, distribution, etc Johannesburg :
Name of publisher, distributor, etc South African Institute of International Affairs,
Date of publication, distribution, etc c2000.
300 ## - PHYSICAL DESCRIPTION
Extent xii, 129 p. ;
500 ## - GENERAL NOTE
General note "This work was carried out with the aid of a grant from the International Development Research Centre, Ottawa, Canada."
504 ## - BIBLIOGRAPHY, ETC. NOTE
Bibliography, etc Includes bibliographical references.
650 #0 - SUBJECT ADDED ENTRY--TOPICAL TERM
Topical term or geographic name as entry element Political planning
Geographic subdivision Africa.
9 (RLIN) 48556
651 #0 - SUBJECT ADDED ENTRY--GEOGRAPHIC NAME
Geographic name Africa
General subdivision Politics and government
Chronological subdivision 1960-
9 (RLIN) 48557
700 1# - ADDED ENTRY--PERSONAL NAME
Personal name Mathoma, Pandelani.
9 (RLIN) 48558
700 1# - ADDED ENTRY--PERSONAL NAME
Personal name Mills, Greg,
Titles and other words associated with a name Dr.
9 (RLIN) 48435
700 1# - ADDED ENTRY--PERSONAL NAME
Personal name Stremlau, John J.
9 (RLIN) 48559
710 2# - ADDED ENTRY--CORPORATE NAME
Corporate name or jurisdiction name as entry element International Development Research Centre (Canada)
9 (RLIN) 48479
710 2# - ADDED ENTRY--CORPORATE NAME
Corporate name or jurisdiction name as entry element South African Institute of International Affairs.
9 (RLIN) 48560
906 ## - LOCAL DATA ELEMENT F, LDF (RLIN)
a 7
b cbc
c copycat
d 3
e ncip
f 20
g y-gencatlg
942 ## - ADDED ENTRY ELEMENTS (KOHA)
Source of classification or shelving scheme Library of Congress Classification
Koha item type Monograph ( Printed materials)
Holdings
Withdrawn status Lost status Source of classification or shelving scheme Damaged status Not for loan Collection code Home library Current library Shelving location Date acquired Total Checkouts Full call number Barcode Date last seen Price effective from Koha item type
    Library of Congress Classification     Main Collection ARRUPE LIBRARY ARRUPE LIBRARY Main Collection 12/11/2019   JQ1875.A55 P647 2000 46600005707 12/11/2019 12/11/2019 Monograph ( Printed materials)

 

Arrupe Library. PO Box MP320 Mt Pleasant, Harare, Zimbabwe
263 242 745411|librarian@aju.ac.zw